Normal view MARC view
  • Budhiraja,& Others

Entry Personal Name

Number of records used in: 1

001 - CONTROL NUMBER

  • control field: 4837

003 - CONTROL NUMBER IDENTIFIER

  • control field: OSt

005 - DATE AND TIME OF LATEST TRANSACTION

  • control field: 20180820120625.0

008 - FIXED-LENGTH DATA ELEMENTS

  • fixed length control field: 180820|| aca||aabn | a|a d

040 ## - CATALOGING SOURCE

  • Original cataloging agency: OSt
  • Transcribing agency: OSt

100 ## - HEADING--PERSONAL NAME

  • Personal name: Budhiraja,& Others

670 ## - SOURCE DATA FOUND

  • Source citation: Work cat.: (OSt)1535: Budhiraja,& Others, Cases in Strategic Mgt., 2004